000
00307nam a22001337a 4500
041
_a
ENG
100
_a
Ramamrutham.S
245
_a
Engineering Mechanics A Text Book Of Applied Mechanics
260
_a
Delhi
_b
Dhanpat Rai PUB
_c
2008
300
_a
778
650
_a
FS
700
_a
Narayan .R
856
_u
FS
999
_c
848
_d
848